Nomina tutti i paesi alpini - Sudden Death - Paesi - Alpi - Statistics

Statistiche generali
  • Questo quiz è stato fatto 100 volte
  • Il punteggio medio è 6 su 8
Answers on the Grid
Answers color-coded by a green-red scale on the quiz's grid according to % correct below.
Repubblica Ceca
Italia
Monaco
San Marino
Germania
Andorra
Slovacchia
Francia
Austria
Liechtenstein
Romania
Croazia
Slovenia
Svizzera
 
Statistiche sulle risposte
Risposta % Corretto
Italia
100%
Svizzera
90%
Austria
85%
Francia
78%
Slovenia
71%
Liechtenstein
66%
Germania
63%
Monaco
27%
Nessun quiz corrispondente trovato
Distribuzione punteggi
Percentuale di utenti per punteggio
Percentile per numero di risposta
I tuoi punteggi nel tempo
Non hai fatto questo quiz